00460nam a2200193 a 4500001001300000003000900013005001700022008004100039020001000080082001600090100002000106245001600126260003400142300000900176500003500185505001000220650001600230700002000246nice12345678IN_TiNIC20260116011455.0050524s1930 lona grp 000 0 eng  ac10000a709.55bROS aRoss, E Denison aPersian Art aLondon bLuzac and Co. c1930 a107p aincludes index and biblioraphy2 aIllus aArt-Iranian1 aRoss, E Denison